Préparation des échantillons pour MEB et Microanalyses (Record no. 57187)

MARC details
000 -LEADER
fixed length control field 00641nam a22002057a 4500
005 - DATE AND TIME OF LATEST TRANSACTION
control field 20170927180923.0
008 - FIXED-LENGTH DATA ELEMENTS--GENERAL INFORMATION
fixed length control field 170927b xxu||||| |||| 00| 0 eng d
020 ## - INTERNATIONAL STANDARD BOOK NUMBER
International Standard Book Number 978-2-7598-0676-8
040 ## - CATALOGING SOURCE
Original cataloging agency BUAC
Transcribing agency BUC
041 ## - LANGUAGE CODE
Language code of text/sound track or separate title Fre
100 ## - MAIN ENTRY--PERSONAL NAME
Personal name Jonnard, Philippe
245 ## - TITLE STATEMENT
Title Préparation des échantillons pour MEB et Microanalyses
Statement of responsibility, etc / par Philippe Jonnard ; collab. de François Brisset
260 ## - PUBLICATION, DISTRIBUTION, ETC. (IMPRINT)
Place of publication, distribution, etc Paris :
Name of publisher, distributor, etc GN-MEBA / EDP Sciences,
Date of publication, distribution, etc 2011
300 ## - PHYSICAL DESCRIPTION
Extent XVI-216 p
Other physical details ill. ; couv. ill. en coul. ;
Dimensions 25 cm
630 ## - SUBJECT ADDED ENTRY--UNIFORM TITLE
Uniform title Sciences Appliquées
650 ## - SUBJECT ADDED ENTRY--TOPICAL TERM
Topical term or geographic name as entry element Microanalyse
650 ## - SUBJECT ADDED ENTRY--TOPICAL TERM
Topical term or geographic name as entry element MEB
700 ## - ADDED ENTRY--PERSONAL NAME
Personal name Brisset, François
942 ## - ADDED ENTRY ELEMENTS (KOHA)
Item type Libre Accès
Holdings
Withdrawn status Lost status Damaged status Not for loan Location (home branch) Sublocation or collection (holding branch) Shelving location Date acquired Coded location qualifier Koha issues (times borrowed) Koha full call number Piece designation (barcode) Koha date last seen Copy number Price effective from Koha item type
        Bibliothèque Universitaire Centrale Bibliothèque Universitaire Centrale   27/09/2017 14/089   621.385.833 PRE 14-089Buc 27/09/2017 01 27/09/2017 Libre Accès


© 2008, Bibliothèques de l'Université d'Abomey-Calavi

04 BP 789 Cotonou, Tél. : +229 21 36 01 01, Fax : +229 21 35 06 32

Courriel : bu@bu.uac.bj